000 00191 a2200097 4500
020 _a78694300103
041 _aeng
100 _aR. F. PATTERSON
245 _aNEW WEBSTER DICTIONARY
942 _cBK
999 _c5158
_d5158